000 00544nam a22001817a 4500
005 20260523153803.0
008 260523b |||||||| |||| 00| 0 eng d
020 _a9789394991521
_c895.00
040 _aMAIN
041 _aEnglish
082 _a294.5211
_bPAN
100 _aPangtey, Surendra Singh
_911356
245 _aShakti Incarnat Nanda
_b: Primeval Incarnate Fierce Goddess
260 _aDehradun
_bBishan Singh Mahindra Pal Singh
_c2023
300 _a289
650 _aUttarakhand Collection : Himalaya Collection
_913
942 _cBK
999 _c60875
_d60875